[Event "George Trundle Qualifiers"]
[Site "Auckland"]
[Date "2017.10.08"]
[Round "9"]
[White "Fan, Allen Chi Zhou"]
[Black "Polishchuk, Kirill"]
[Result "1-0"]
[WhiteElo "2077"]
[BlackElo "2134"]
[PlyCount "95"]
[EventDate "2017.09.30"]
[EventType "tourn"]
[EventRounds "9"]
[EventCountry "NZL"]
[SourceTitle "CBM 181 Extra"]
[Source "ChessBase"]
[SourceDate "2017.12.12"]
[SourceVersion "1"]
[SourceVersionDate "2017.12.12"]
[SourceQuality "1"]

1. Nf3 d5 2. g3 Nc6 3. Bg2 e5 4. d3 f5 5. c3 Nf6 6. 0-0 Bd6 7. a4 0-0 8. Na3 a6 9. b4 f4 10. b5 Ne7 11. c4 fxg3 12. hxg3 c6 13. cxd5 cxd5 14. Bb2 Ng6 15. e4 Bg4 16. Qb3 Kh8 17. exd5 Nh5 18. Nh2 Qg5 19. Bc1 Nhf4 20. Ra2 Bh3 21. Bxh3 Nxh3+ 22. Kh1 Qh5 23. Be3 Bxa3 24. Rxa3 Rf6 25. Ra2 Raf8 26. Qc4 Ngf4 27. gxf4 Rh6 28. f3 exf4 29. Bd4 Ng5 30. Rg2 Rg8 31. Qc3 Rg6 32. Be5 Qh3 33. Rff2 Rc8 34. Qb2 Qf5 35. d4 Nh3 36. Rf1 Qd3 37. Rc1 Rxc1+ 38. Qxc1 h6 39. Rxg6 Nf2+ 40. Kg2 Qxg6+ 41. Kxf2 Qg3+ 42. Kf1 Qxh2 43. Qc8+ Kh7 44. Qf5+ Kg8 45. Qg4 Qh1+ 46. Ke2 Qh2+ 47. Kd3 g5 48. Qe6+ 1-0

[Event "George Trundle Qualifiers"]
[Site "Auckland"]
[Date "2017.10.05"]
[Round "6"]
[White "James, Jack"]
[Black "Fan, Allen Chi Zhou"]
[Result "1/2-1/2"]
[WhiteElo "2062"]
[BlackElo "2077"]
[PlyCount "29"]
[EventDate "2017.09.30"]
[EventType "tourn"]
[EventRounds "9"]
[EventCountry "NZL"]
[SourceTitle "CBM 181 Extra"]
[Source "ChessBase"]
[SourceDate "2017.12.12"]
[SourceVersion "1"]
[SourceVersionDate "2017.12.12"]
[SourceQuality "1"]

1. e4 e6 2. d4 d5 3. exd5 exd5 4. Bd3 Bd6 5. c3 c6 6. h3 h6 7. Nd2 Nd7 8. Ndf3 Qc7 9. Ne2 Ne7 10. Qc2 Nf6 11. Be3 Be6 12. 0-0-0 0-0-0 13. Rhe1 Nh5 14. Ne5 g5 15. g4 1/2-1/2

[Event "George Trundle Qualifiers"]
[Site "Auckland"]
[Date "2017.10.02"]
[Round "3"]
[White "Fan, Allen Chi Zhou"]
[Black "Morrell, Gordon"]
[Result "1/2-1/2"]
[WhiteElo "2077"]
[BlackElo "2030"]
[PlyCount "129"]
[EventDate "2017.09.30"]
[EventType "tourn"]
[EventRounds "9"]
[EventCountry "NZL"]
[SourceTitle "CBM 181 Extra"]
[Source "ChessBase"]
[SourceDate "2017.12.12"]
[SourceVersion "1"]
[SourceVersionDate "2017.12.12"]
[SourceQuality "1"]

1. Nf3 c5 2. g3 Nc6 3. Bg2 e5 4. d3 d5 5. 0-0 Be7 6. c3 Nf6 7. Nbd2 0-0 8. e4 d4 9. cxd4 cxd4 10. a3 Bg4 11. h3 Bh5 12. Kh1 Nd7 13. g4 Bg6 14. Rg1 a5 15. Nf1 Nc5 16. Ng3 a4 17. Nf5 Re8 18. Nxe7+ Qxe7 19. Qe2 Nb3 20. Rb1 Nd8 21. Bg5 f6 22. Bh4 Rc8 23. Bg3 Ne6 24. Nh4 Bf7 25. Nf5 Qf8 26. Bf3 Kh8 27. Nh4 Ng5 28. Bg2 Ne6 29. Bf1 Rc6 30. f3 Rec8 31. Qh2 Rc2 32. Rg2 Rxg2 33. Qxg2 Qc5 34. Re1 Qc2 35. Nf5 Qc5 36. Be2 g6 37. Bh4 Ng5 38. Ng3 Qc2 39. Bd1 Qxg2+ 40. Kxg2 Kg7 41. Bxg5 fxg5 42. Ne2 Nc5 43. Bc2 b5 44. Bb1 Ne6 45. Kf2 Kf6 46. Rh1 h5 47. Ke1 Nf4 48. Kd2 Ng2 49. Rc1 Rxc1 50. Kxc1 Nf4 51. Ng1 Ke7 52. Kd2 Kd6 53. Kc2 Kc5 54. Kd2 Bb3 55. Bc2 Bxc2 56. Kxc2 b4 57. Kd2 h4 58. Kc2 b3+ 59. Kd2 Kd6 60. Ne2 Nxh3 61. Ke1 Ke6 62. Kf1 Kf6 63. Kg2 Nf4+ 64. Nxf4 gxf4 65. Kh3 1/2-1/2

[Event "Auckland North Shore op 44th"]
[Site "Auckland"]
[Date "2017.08.27"]
[Round "4"]
[White "McLaren, Leonard"]
[Black "Fan, Allen Chi Zhou"]
[Result "1-0"]
[WhiteElo "2208"]
[BlackElo "2055"]
[PlyCount "111"]
[EventDate "2017.08.26"]
[EventType "swiss"]
[EventRounds "5"]
[EventCountry "NZL"]
[SourceTitle "CBM 180 Extra"]
[Source "ChessBase"]
[SourceDate "2017.10.06"]
[SourceVersion "1"]
[SourceVersionDate "2017.10.06"]
[SourceQuality "1"]

1. e4 e6 2. d4 d5 3. Nc3 Bb4 4. Nge2 b6 5. a3 Bf8 6. e5 Bb7 7. Be3 Ne7 8. f4 Nbc6 9. Ng3 Qd7 10. Nh5 Ng8 11. g4 g6 12. Ng3 0-0-0 13. b4 Kb8 14. Bh3 f5 15. exf6 Nxf6 16. 0-0 h5 17. g5 Ne8 18. Qd3 Ne7 19. Rae1 Nd6 20. Rf2 Bg7 21. Rfe2 Nef5 22. Bf2 Ne4 23. Nxf5 exf5 24. Rd1 Qd6 25. Be3 Qc6 26. Nxe4 dxe4 27. Qb3 Ba6 28. Red2 Bb5 29. Rc1 Bc4 30. Qc3 Qd5 31. a4 Rd6 32. b5 Rc8 33. Qb4 Bf8 34. Qb2 c6 35. Rb1 Rd7 36. c3 cxb5 37. axb5 Rdc7 38. Bg2 Bd3 39. Rxd3 Qc4 40. Rd2 Qxc3 41. Qxc3 Rxc3 42. Kf2 Ra3 43. Bf1 Rcc3 44. Re1 Bd6 45. Rdd1 Kb7 46. Rc1 Bxf4 47. Rxc3 Rxc3 48. Bxf4 Rf3+ 49. Kg2 Rxf4 50. Be2 h4 51. Rf1 Rxf1 52. Kxf1 Kc7 53. Bh5 Kd6 54. Bxg6 Ke6 55. Ke2 h3 56. Ke3 1-0

[Event "Auckland North Shore op 44th"]
[Site "Auckland"]
[Date "2017.08.26"]
[Round "3"]
[White "Fan, Allen Chi Zhou"]
[Black "Duneas, John"]
[Result "1-0"]
[WhiteElo "2055"]
[BlackElo "2034"]
[PlyCount "143"]
[EventDate "2017.08.26"]
[EventType "swiss"]
[EventRounds "5"]
[EventCountry "NZL"]
[SourceTitle "CBM 180 Extra"]
[Source "ChessBase"]
[SourceDate "2017.10.06"]
[SourceVersion "1"]
[SourceVersionDate "2017.10.06"]
[SourceQuality "1"]

1. Nf3 d5 2. g3 Nc6 3. Bg2 e5 4. d3 Nf6 5. 0-0 Bc5 6. b3 Qe7 7. Bb2 0-0 8. Nbd2 Re8 9. Ne1 Bg4 10. h3 Bh5 11. c4 dxc4 12. Nxc4 Bd4 13. Qd2 Bg6 14. Nf3 Bxb2 15. Qxb2 e4 16. dxe4 Bxe4 17. Rfd1 Rad8 18. Ne3 h6 19. Rac1 Rxd1+ 20. Nxd1 Rd8 21. Nc3 Bf5 22. Nh4 Be6 23. Rc2 Qd7 24. Kh2 Qd4 25. e3 Qb4 26. Ne2 Rd1 27. Nf4 Qe1 28. Nf3 Qa5 29. a3 Bf5 30. b4 Qb6 31. Rc5 Be4 32. Ne2 Nd7 33. Rc1 Rxc1 34. Qxc1 a5 35. Nc3 Bxf3 36. Bxf3 axb4 37. Nd5 Qa5 38. axb4 Nxb4 39. Qd2 Ne5 40. Ne7+ Kh7 41. Be4+ g6 42. Qd8 Kg7 43. Qg8+ Kf6 44. Qf8 Nec6 45. Ng8+ Ke6 46. Nxh6 Qe5 47. Qxf7+ Kd6 48. Qf8+ Qe7 49. Qf4+ Kc5 50. Bxg6 Nd5 51. Qa4 Qf6 52. Qc2+ Kb6 53. Ng4 Qd6 54. Be4 Ndb4 55. Qb2 Ka7 56. h4 Qe6 57. Bf3 Qd6 58. h5 Nd3 59. Qa1+ Kb8 60. Qh8+ Ka7 61. Bxc6 Qxc6 62. Qd4+ Nc5 63. h6 b6 64. h7 Nb3 65. Qb2 Qe6 66. h8Q Na5 67. Qhg7 Kb7 68. Qbe5 Qc4 69. Qd7 Qc2 70. Qed5+ Ka7 71. Qc8 Nb7 72. Qdxb7# 1-0

[Event "Waitakere Trusts op 40th"]
[Site "Waitakere"]
[Date "2017.06.05"]
[Round "6"]
[White "Smith, Robert Wayne"]
[Black "Fan, Allen Chi Zhou"]
[Result "1-0"]
[WhiteElo "2251"]
[BlackElo "2097"]
[PlyCount "115"]
[EventDate "2017.06.03"]
[EventType "swiss"]
[EventRounds "6"]
[EventCountry "NZL"]
[SourceTitle "EXT 2018"]
[Source "ChessBase"]
[SourceDate "2017.10.13"]
[SourceVersion "1"]
[SourceVersionDate "2017.10.13"]
[SourceQuality "1"]

1. e4 d6 2. d4 Nf6 3. Nc3 c6 4. a4 a5 5. Nf3 Bg4 6. Be3 d5 7. e5 Nfd7 8. h3 Bxf3 9. Qxf3 e6 10. Qg3 Na6 11. Be2 Nb4 12. Rc1 Nb6 13. 0-0 Nc8 14. Nb1 Ne7 15. c3 Nf5 16. Qf4 Na6 17. Bd3 g6 18. g4 Bh6 19. Qf3 Nh4 20. Qg3 Bxe3 21. fxe3 Qg5 22. Qf4 Qxf4 23. exf4 Nc7 24. Nd2 Ke7 25. Kf2 h6 26. Kg3 g5 27. f5 Rhf8 28. Rce1 Rad8 29. b4 axb4 30. cxb4 Ra8 31. a5 Rfb8 32. Rc1 Na6 33. Bxa6 Rxa6 34. Nb3 Raa8 35. fxe6 fxe6 36. Rf6 Rf8 37. Rcf1 Ng6 38. Rxf8 Rxf8 39. Rxf8 Kxf8 40. Nc5 Nf4 41. Kf3 Ke7 42. Nxb7 Kd7 43. Nc5+ Kc7 44. h4 Kc8 45. h5 Kc7 46. Ke3 Ng2+ 47. Kd2 Nf4 48. Nd3 Nxd3 49. Kxd3 Kb7 50. Kc3 Ka6 51. Kb3 Kb7 52. Ka4 Ka6 53. b5+ cxb5+ 54. Kb4 Ka7 55. Kxb5 Kb7 56. Kc5 Ka6 57. Kd6 Kxa5 58. Kxe6 1-0

[Event "Waitakere Trusts op 40th"]
[Site "Waitakere"]
[Date "2017.06.04"]
[Round "3"]
[White "Fan, Allen Chi Zhou"]
[Black "Lim, Benjamin U"]
[Result "1/2-1/2"]
[WhiteElo "2097"]
[BlackElo "1888"]
[PlyCount "136"]
[EventDate "2017.06.03"]
[EventType "swiss"]
[EventRounds "6"]
[EventCountry "NZL"]
[SourceTitle "EXT 2018"]
[Source "ChessBase"]
[SourceDate "2017.10.13"]
[SourceVersion "1"]
[SourceVersionDate "2017.10.13"]
[SourceQuality "1"]

1. Nf3 c5 2. g3 Nf6 3. Bg2 d5 4. 0-0 Nc6 5. d3 e6 6. c4 Be7 7. e3 dxc4 8. dxc4 Qxd1 9. Rxd1 0-0 10. Nc3 Rd8 11. Rxd8+ Bxd8 12. b3 Nd7 13. Ba3 Bf6 14. Rc1 Nb4 15. Bxb4 cxb4 16. Nb5 Nc5 17. Rd1 Kf8 18. Nd2 Ke7 19. Ne4 Nxe4 20. Bxe4 Bd7 21. Bxb7 Rb8 22. Nd6 Be5 23. Nxf7 Bc7 24. Be4 h6 25. f4 Be8 26. Ne5 Bxe5 27. fxe5 Rc8 28. Rd6 Rc5 29. Ra6 Rxe5 30. Rxa7+ Kf6 31. Bf3 Rxe3 32. Kf2 Rc3 33. Ra5 Bg6 34. g4 Bb1 35. Ra4 Rc2+ 36. Kg3 Bxa2 37. Rxb4 Rc3 38. c5 Bxb3 39. Kf2 Bd5 40. Bxd5 exd5 41. Rb6+ Kg5 42. Rb7 g6 43. Rc7 Kxg4 44. c6 Rc2+ 45. Ke3 Rc4 46. Rc8 g5 47. c7 h5 48. Kf2 h4 49. Rd8 Rxc7 50. Rxd5 Rc2+ 51. Kg1 Rc3 52. Rd1 Rf3 53. Rd5 Rf4 54. Ra5 Rc4 55. Ra1 Rc3 56. Rb1 Kh3 57. Ra1 Kg4 58. Rb1 Rf3 59. Rb4+ Rf4 60. Rb5 Rc4 61. Rb1 Re4 62. Ra1 Kf3 63. Ra3+ Kf4 64. Ra1 Re3 65. Rf1+ Kg4 66. Ra1 Kh3 67. Rb1 Rd3 68. Ra1 Rc3 1/2-1/2